000 00781nam a2200253 i 4500
001 C2-0234949
003 PPAK
005 20180727195236.0
008 010822s2000 nyu |||| ||||| | eng d
020 _a0071355766
040 _aPPAK
_beng
_cPPAK
_erda
082 0 4 _a808.02
_223
090 0 0 _a808.02
_bQUO
_dG
245 0 4 _aThe quotable writer
264 1 _aNew York :
_bMcGraw-Hill ,
_c2000
300 _axi, 186 pages ;
_c23 cm
336 _2rdacontent
_atext
337 _2rdamedia
_aunmediated
338 _2rdacarrier
_avolume
500 _aIncludes index
650 1 0 _aAuthorship - Quotations, maxims, etc. ; Creative writing - Quotations, maxims, etc. ; Authors and publishers - Quotations, maxims, etc.
700 1 _aGordon, William A.,
_ecompile
942 _ddc
_cB
999 _c51114
_d51114